[Event "21st European Teams"]
[Site "Hersonissos GRE"]
[Date "2017.11.04"]
[Round "7.5"]
[Board "2"]
[White "Sargissian, Gabriel"]
[Black "Bluebaum, Matthias"]
[Result "1/2-1/2"]
[WhiteTitle "GM"]
[BlackTitle "GM"]
[WhiteElo "2657"]
[BlackElo "2643"]
[WhiteTeam "Armenia"]
[BlackTeam "Germany"]
[WhiteFideId "13300881"]
[BlackFideId "24651516"]
[EventDate "2017.10.28"]

1. c4 e6 2. Nc3 Nf6 3. e4 d5 4. cxd5 exd5 5. e5 Ne4 6. Nf3 Bf5 7. d4 Bb4 8. Bd2
Bxc3 9. Bxc3 O-O 10. Be2 c5 11. dxc5 Nxc3 12. bxc3 Be4 13. O-O Qe7 14. Re1 Nc6
15. Bd3 Qxc5 16. Bxe4 dxe4 17. Rxe4 Qxc3 18. Rb1 Rad8 19. Qa4 Rd7 20. Re3 Qc5
21. h4 h6 22. Rb5 Qe7 23. Qb3 Re8 24. Re4 b6 25. Qc2 Qe6 26. Rb3 Qd5 27. Rc3
Qd1+ 28. Qxd1 Rxd1+ 29. Kh2 Re6 30. Rce3 Kf8 1/2-1/2

[Event "21st European Teams"]
[Site "Hersonissos GRE"]
[Date "2017.11.04"]
[Round "7.5"]
[Board "3"]
[White "Fridman, Daniel"]
[Black "Melkumyan, Hrant"]
[Result "1/2-1/2"]
[WhiteTitle "GM"]
[BlackTitle "GM"]
[WhiteElo "2626"]
[BlackElo "2642"]
[WhiteTeam "Germany"]
[BlackTeam "Armenia"]
[WhiteFideId "11600454"]
[BlackFideId "13302485"]
[EventDate "2017.10.28"]

1. d4 Nf6 2. c4 e6 3. Nc3 d5 4. cxd5 Nxd5 5. e4 Nxc3 6. bxc3 c5 7. a3 g6 8. Nf3
Bg7 9. Be2 Nc6 10. Be3 O-O 11. O-O cxd4 12. cxd4 b6 13. Qa4 Bb7 14. Rad1 Ne7 15.
Bd3 Qd6 16. Rfe1 Bc6 17. Qb3 Bb7 18. Qa4 Bc6 19. Qb4 Rfd8 20. Bg5 Qxb4 21. axb4
f6 22. Be3 Bb7 23. b5 Kf7 24. Ra1 h6 25. Ra4 f5 26. d5 exd5 27. e5 d4 28. Bxd4
Bd5 29. Nd2 Be6 30. h4 Rd7 31. Nf3 Rc8 32. Bf1 Nd5 33. Rea1 Rcc7 34. Bb2 Rc2 35.
Bc1 Rcc7 36. Bb2 Rc2 37. Bc1 Rcc7 1/2-1/2

[Event "21st European Teams"]
[Site "Hersonissos GRE"]
[Date "2017.11.04"]
[Round "7.5"]
[Board "4"]
[White "Gabuzyan, Hovhannes"]
[Black "Svane, Rasmus"]
[Result "0-1"]
[WhiteTitle "GM"]
[BlackTitle "GM"]
[WhiteElo "2583"]
[BlackElo "2595"]
[WhiteTeam "Armenia"]
[BlackTeam "Germany"]
[WhiteFideId "13303732"]
[BlackFideId "4657101"]
[EventDate "2017.10.28"]

1. c4 e6 2. Nf3 d5 3. g3 dxc4 4. Bg2 a6 5. Qc2 b5 6. a4 Bb7 7. Nc3 c6 8. b3 b4
9. Ne4 cxb3 10. Qxb3 c5 11. Qe3 Be7 12. Bb2 Nf6 13. Nxc5 Bd5 14. O-O O-O 15.
Rfc1 Nc6 16. Qd3 Na5 17. Rab1 Rc8 18. Bd4 Bc4 19. Rxc4 Nxc4 20. Qxc4 Nd7 21.
Nxe6 Rxc4 22. Nxd8 Rxd8 23. e3 Rdc8 24. Bb2 Rc2 25. Bf1 a5 26. Bb5 Bf6 27. d4
Nb6 28. Ne1 R2c7 29. Kf1 Nc4 30. Ke2 Na3 31. Rd1 Nxb5 32. axb5 a4 33. Nd3 Rc2+
34. Kf3 a3 35. Ba1 b3 36. Rb1 b2 37. Bxb2 axb2 38. Nxb2 Rc1 39. Rxc1 Rxc1 40. b6
Rb1 41. Nc4 Rb4 0-1

[Event "21st European Teams"]
[Site "Hersonissos GRE"]
[Date "2017.11.04"]
[Round "7.6"]
[Board "1"]
[White "Solak, Dragan"]
[Black "Jobava, Baadur"]
[Result "1/2-1/2"]
[WhiteTitle "GM"]
[BlackTitle "GM"]
[WhiteElo "2626"]
[BlackElo "2705"]
[WhiteTeam "Turkey"]
[BlackTeam "Georgia"]
[WhiteFideId "916811"]
[BlackFideId "13601520"]
[EventDate "2017.10.28"]

1. e4 e5 2. Nf3 Nf6 3. Nxe5 d6 4. Nf3 Nxe4 5. d4 d5 6. Bd3 Bd6 7. O-O O-O 8. Re1
Re8 9. c4 c6 10. Qb3 h6 11. cxd5 cxd5 12. Nc3 Nxc3 13. Rxe8+ Qxe8 14. bxc3 Qd8
15. c4 b6 16. cxd5 Bb7 17. Bc4 Nd7 18. Bb2 Rc8 19. a4 Nf6 20. Ne5 Ne4 21. Rd1
Nxf2 22. Kxf2 Qh4+ 23. Qg3 Qxg3+ 24. hxg3 Bxe5 25. dxe5 Rxc4 26. Ke3 Kf8 27. Rd4
Rc2 28. Ba3+ Ke8 29. Bd6 Kd7 30. Bf8 g6 31. Bxh6 Rxg2 32. Kf3 Rc2 33. Bf8 a5 34.
g4 Rc8 35. Bd6 f6 36. g5 fxe5 37. Bxe5 Rf8+ 38. Bf4 Re8 39. Kf2 Ba6 40. Be3 b5
41. Rf4 b4 42. Rf7+ Re7 43. Rxe7+ Kxe7 44. Ke1 Kd6 45. Kd2 Kxd5 46. Bb6 Kc4 47.
Bxa5 Kb3 48. Kc1 1/2-1/2

[Event "21st European Teams"]
[Site "Hersonissos GRE"]
[Date "2017.11.04"]
[Round "7.6"]
[Board "2"]
[White "Pantsulaia, Levan"]
[Black "Yilmaz, Mustafa"]
[Result "1/2-1/2"]
[WhiteTitle "GM"]
[BlackTitle "GM"]
[WhiteElo "2586"]
[BlackElo "2633"]
[WhiteTeam "Georgia"]
[BlackTeam "Turkey"]
[WhiteFideId "13602071"]
[BlackFideId "6302718"]
[EventDate "2017.10.28"]

1. Nf3 d5 2. g3 g6 3. Bg2 Bg7 4. O-O e5 5. d3 Ne7 6. c3 O-O 7. b4 e4 8. dxe4
dxe4 9. Nd4 Nf5 10. e3 Nd6 11. Nd2 Re8 12. a4 Nc6 13. Nxc6 bxc6 14. Nxe4 Nxe4
15. Qxd8 Rxd8 16. Bxe4 Bh3 17. Bg2 Bxg2 18. Kxg2 a5 19. Ra3 Bf8 20. Ra2 axb4 21.
cxb4 Bxb4 22. Bb2 Rd2 23. Rfa1 c5 24. Be5 Rd7 25. Kf3 f6 26. Bb2 Kf7 27. Bc1 Rd6
28. Rc2 Ke6 29. e4 Rda6 30. Be3 Rxa4 31. Rxa4 Rxa4 32. Bxc5 Bxc5 33. Rxc5 Kd6
34. Rd5+ Ke7 1/2-1/2

[Event "21st European Teams"]
[Site "Hersonissos GRE"]
[Date "2017.11.04"]
[Round "7.6"]
[Board "3"]
[White "Can, Emre"]
[Black "Jojua, Davit"]
[Result "1/2-1/2"]
[WhiteTitle "GM"]
[BlackTitle "GM"]
[WhiteElo "2604"]
[BlackElo "2591"]
[WhiteTeam "Turkey"]
[BlackTeam "Georgia"]
[WhiteFideId "6302181"]
[BlackFideId "13602543"]
[EventDate "2017.10.28"]

1. d4 d5 2. c4 e6 3. Nf3 Nf6 4. Nc3 Be7 5. Bg5 O-O 6. e3 h6 7. Bh4 Ne4 8. Bxe7
Qxe7 9. Rc1 c6 10. Bd3 Nxc3 11. Rxc3 dxc4 12. Rxc4 Nd7 13. O-O e5 14. Bc2 exd4
15. Qd3 Nf6 16. e4 g6 17. e5 Nd5 18. Qd2 Kg7 19. Rxd4 Be6 20. b4 Rad8 21. Rd1
Rd7 22. h4 Rfd8 23. Bb3 b6 24. Qb2 c5 25. bxc5 bxc5 26. R4d2 Nb6 27. h5 c4 28.
Rxd7 Rxd7 29. Rxd7 Nxd7 30. Bc2 gxh5 31. Qd4 Nf8 32. Qe4 Ng6 33. Nd4 Qg5 34.
Nxe6+ fxe6 35. Qxc4 Qxe5 36. Bxg6 Kxg6 37. Qd3+ Qf5 38. Qg3+ Kf6 39. Qe3 Qb1+
40. Kh2 Qxa2 41. Qxh6+ Ke7 42. Qg7+ Kd6 43. Qf8+ Kc6 44. Qe8+ Kb6 45. Qb8+ Kc5
46. Qc7+ Kb4 47. Qd6+ Kb5 48. Qd7+ Kc5 49. Qc7+ Kb4 50. Qd6+ 1/2-1/2

[Event "21st European Teams"]
[Site "Hersonissos GRE"]
[Date "2017.11.04"]
[Round "7.6"]
[Board "4"]
[White "Paichadze, Luka"]
[Black "Sanal, Vahap"]
[Result "0-1"]
[WhiteTitle "GM"]
[BlackTitle "GM"]
[WhiteElo "2580"]
[BlackElo "2549"]
[WhiteTeam "Georgia"]
[BlackTeam "Turkey"]
[WhiteFideId "13602934"]
[BlackFideId "6300545"]
[EventDate "2017.10.28"]

1. e4 e5 2. Nf3 Nc6 3. d4 exd4 4. Nxd4 Bc5 5. Nxc6 Qf6 6. Qf3 bxc6 7. Nd2 d6 8.
Nb3 Bb6 9. a4 a5 10. Bd2 Qxf3 11. gxf3 Ne7 12. Rg1 O-O 13. Be3 Bxe3 14. fxe3 g6
15. O-O-O Kg7 16. Bc4 Rb8 17. Be2 Be6 18. Nd4 Bd7 19. h4 f5 20. e5 dxe5 21. Nb3
Bc8 22. Nc5 Nd5 23. e4 Nf4 24. Bc4 Rb4 25. b3 fxe4 26. fxe4 Rxc4 27. bxc4 Ne2+
28. Kb2 Nxg1 29. Rxg1 Rf4 30. Rd1 Rxh4 31. Rd8 Bh3 32. Ra8 g5 33. Rxa5 g4 34.
Ra7 g3 35. Rxc7+ Kf6 36. Rxc6+ Ke7 37. a5 g2 38. a6 g1=Q 39. a7 Qd4+ 40. Kb3 Qd8
41. Na4 Bd7 0-1

[Event "21st European Teams"]
[Site "Hersonissos GRE"]
[Date "2017.11.04"]
[Round "7.7"]
[Board "1"]
[White "Zhigalko, Sergei"]
[Black "Giri, Anish"]
[Result "0-1"]
[WhiteTitle "GM"]
[BlackTitle "GM"]
[WhiteElo "2638"]
[BlackElo "2762"]
[WhiteTeam "Belarus"]
[BlackTeam "Netherlands"]
[WhiteFideId "13502956"]
[BlackFideId "24116068"]
[EventDate "2017.10.28"]

1. e4 e5 2. Nf3 Nc6 3. Bb5 a6 4. Ba4 Nf6 5. O-O Bc5 6. d3 b5 7. Bb3 d6 8. c3 h6
9. Re1 O-O 10. Nbd2 Ne7 11. a4 b4 12. d4 bxc3 13. bxc3 exd4 14. cxd4 Bb4 15. Re3
Ng6 16. h3 a5 17. Qc2 Nf4 18. Nf1 Be6 19. d5 Bd7 20. Bb2 Bc5 21. Bd4 Bxd4 22.
Nxd4 Rb8 23. Nc6 Bxc6 24. dxc6 Qe7 25. Rae1 Qe5 26. Nd2 Rfe8 27. Nf3 Qc5 28.
Qxc5 dxc5 29. e5 N6d5 30. Bxd5 Nxd5 31. Rd3 Nf4 32. Rc3 Red8 33. g3 Ne6 34. Rc2
Rb4 35. Ra1 Rd3 36. Ne1 Rd5 37. Rca2 c4 38. Nc2 Rb3 39. Ne3 Rc5 40. Rd1 c3 41.
Kg2 Rxc6 42. Rc2 Rb2 43. Rxb2 cxb2 44. Rb1 Rb6 45. Nd1 Rb4 46. Rxb2 Rxa4 47. f4
Rb4 48. Ra2 a4 49. Nc3 Nc5 50. Nd5 Rb3 51. Rc2 Ne4 52. Rc4 Rb2+ 53. Kg1 a3 54.
Rxe4 a2 55. Ra4 c5 56. Ra8+ Kh7 57. f5 Rb1+ 58. Kf2 a1=Q 59. Rxa1 Rxa1 60. e6
fxe6 61. fxe6 Kg8 62. h4 Rd1 63. Nb6 Kf8 64. Nd7+ Rxd7 65. exd7 Ke7 0-1

[Event "21st European Teams"]
[Site "Hersonissos GRE"]
[Date "2017.11.04"]
[Round "7.7"]
[Board "2"]
[White "L'Ami, Erwin"]
[Black "Stupak, Kirill"]
[Result "1/2-1/2"]
[WhiteTitle "GM"]
[BlackTitle "GM"]
[WhiteElo "2611"]
[BlackElo "2578"]
[WhiteTeam "Netherlands"]
[BlackTeam "Belarus"]
[WhiteFideId "1007998"]
[BlackFideId "13503758"]
[EventDate "2017.10.28"]

1. c4 e6 2. Nc3 d5 3. d4 Nf6 4. cxd5 exd5 5. Bg5 Nbd7 6. e3 Bb4 7. Bd3 c5 8. Ne2
h6 9. Bh4 c4 10. Bc2 Nb6 11. O-O Be7 12. Bxf6 Bxf6 13. Nf4 O-O 14. Qf3 Be6 15.
Nxe6 fxe6 16. Qh3 Qd7 17. f4 Kf7 18. Rad1 Ke7 19. e4 Kd8 20. f5 exf5 21. Rxf5
dxe4 22. Bxe4 g6 23. Qxh6 Bxd4+ 24. Kh1 Rxf5 25. Bxf5 Qxf5 26. Ne2 Kc7 27. Nxd4
Qe5 28. Qh7+ Nd7 29. Nf3 Qe6 30. Ng5 Qg4 31. Nf3 Re8 32. h3 Qe6 33. Nd4 Qd5 34.
Qxg6 Re3 35. Qg4 Kb6 36. Qg6+ Kc7 37. a4 Kc8 38. Kg1 a6 39. Qc2 Qc5 40. Qf5 Re5
41. Qf2 Rd5 42. Rd2 Nb6 43. Nf3 Nxa4 44. Qxc5+ Rxc5 45. g4 c3 46. bxc3 Nxc3 47.
h4 Ne4 48. Rd4 Nf6 49. Kg2 b5 50. g5 Nd5 51. g6 Nf6 52. Rf4 Nh5 53. Rf8+ Kb7 54.
Rf7+ Kb6 55. g7 Rc8 56. Nd4 Rg8 57. Nf5 Re8 58. Ne7 Nxg7 59. Rxg7 b4 60. Nd5+
Kc5 61. Nc7 Re4 62. Nxa6+ Kb5 63. Nxb4 Rxh4 64. Nd3 Rd4 65. Nf2 Rf4 66. Kf1 Rf5
67. Ke2 Rh5 68. Kd3 Rd5+ 69. Ke4 Kc4 70. Rc7+ Rc5 71. Rd7 Rc8 72. Nd3 Kc3 73.
Ne5 Re8 74. Rc7+ Kd2 75. Rc5 Re6 76. Ra5 Re8 77. Ra3 Kc2 78. Rh3 Kd2 79. Kd5
Rd8+ 80. Kc5 Ke2 81. Nc6 Rc8 82. Kd5 Kd2 83. Nb4 Rd8+ 84. Ke4 Re8+ 85. Kd4 Rd8+
86. Nd5 Ke2 87. Rh7 Kf3 88. Rf7+ Ke2 89. Rf6 Ke1 90. Ke4 Re8+ 91. Kd3 Rd8 92.
Rf5 Rd6 93. Ke3 Re6+ 94. Kd4 Rd6 95. Kd3 Rd8 96. Kd4 Ke2 97. Re5+ 1/2-1/2

[Event "21st European Teams"]
[Site "Hersonissos GRE"]
[Date "2017.11.04"]
[Round "7.7"]
[Board "3"]
[White "Aleksandrov, Aleksej"]
[Black "Sokolov, Ivan"]
[Result "1/2-1/2"]
[WhiteTitle "GM"]
[BlackTitle "GM"]
[WhiteElo "2588"]
[BlackElo "2603"]
[WhiteTeam "Belarus"]
[BlackTeam "Netherlands"]
[WhiteFideId "13500139"]
[BlackFideId "14400030"]
[EventDate "2017.10.28"]

1. d4 Nf6 2. c4 e6 3. Nc3 Bb4 4. e3 O-O 5. Ne2 d5 6. a3 Bd6 7. c5 Be7 8. Nf4 a5
9. Be2 c6 10. Na4 Nbd7 11. Qc2 e5 12. dxe5 Nxe5 13. O-O Re8 14. Rd1 Bf8 15. Nb6
Ra7 16. Rb1 a4 17. Bd2 Ne4 18. Nxc8 Qxc8 19. Bb4 g6 20. Re1 h5 21. Rbd1 Ng4 22.
Rf1 Ra8 23. Bd3 Qc7 24. h3 Nexf2 25. hxg4 Nxg4 26. Rde1 Nxe3 27. Rxe3 Rxe3 28.
Kh1 Rae8 29. Bd2 Rg3 30. Nxh5 Qd8 31. Nxg3 Qh4+ 32. Kg1 Qxg3 33. Bf4 Bxc5+ 34.
Qxc5 Qxd3 35. Bg5 Qg3 36. Qf2 Qxf2+ 37. Kxf2 f5 38. Re1 Rxe1 39. Kxe1 Kf7 40.
Kd2 c5 41. Kd3 Ke6 42. Bf4 b5 43. Be3 d4 44. Bf4 Kd5 45. Bd2 Ke5 46. g3 c4+ 47.
Ke2 Ke4 48. Bh6 Ke5 49. Bg5 Ke4 50. Bh6 Kd5 51. Bd2 Ke5 1/2-1/2

[Event "21st European Teams"]
[Site "Hersonissos GRE"]
[Date "2017.11.04"]
[Round "7.7"]
[Board "4"]
[White "Van Foreest, Jorden"]
[Black "Fedorov, Alexei"]
[Result "1-0"]
[WhiteTitle "GM"]
[BlackTitle "GM"]
[WhiteElo "2609"]
[BlackElo "2582"]
[WhiteTeam "Netherlands"]
[BlackTeam "Belarus"]
[WhiteFideId "1039784"]
[BlackFideId "13500465"]
[EventDate "2017.10.28"]

1. d4 c5 2. d5 Nf6 3. c4 b5 4. e3 bxc4 5. Bxc4 g6 6. Nc3 d6 7. Nf3 Bg7 8. O-O
O-O 9. Qc2 Nfd7 10. e4 Nb6 11. Bb5 a6 12. Bd3 a5 13. Bf4 a4 14. a3 N8d7 15. Rfe1
Ba6 16. Bxa6 Rxa6 17. e5 dxe5 18. Nxe5 Nxe5 19. Bxe5 Ra7 20. Bxg7 Kxg7 21. Re5
Rd7 22. Rae1 Qa8 23. Qe4 Re8 24. h4 Qa6 25. h5 Qc4 26. Qe3 Qd4 27. h6+ Kf8 28.
Qg3 Qd2 29. Qh4 Rd6 30. R5e2 g5 31. Qe4 Qf4 32. Qxh7 Qf6 33. Nb5 Qxh6 34. Qc2
Rxd5 35. Nc7 Rd4 36. g3 Qh3 37. Re3 Nd5 38. Nxd5 Rxd5 39. Qxa4 e6 40. Re5 Red8
41. Qe4 Rxe5 42. Qxe5 Rd5 43. Qb8+ Kg7 44. a4 Qg4 45. Qb3 c4 46. Qc3+ Qd4 47.
Qxd4+ Rxd4 48. a5 Rd2 49. Rb1 g4 50. a6 c3 51. bxc3 Ra2 52. Rb6 Kf6 53. Kf1 Ke5
54. Ke1 Kd5 55. Rb7 f5 56. a7 e5 57. Kd1 Kc4 58. Rc7+ Kd3 59. Kc1 Ke2 60. Rb7
Ra6 61. Kb1 Kd3 62. Kb2 f4 63. Kb3 Ke2 64. gxf4 exf4 65. Rb4 g3 66. fxg3 fxg3
67. Rg4 Rxa7 68. Rxg3 Rb7+ 69. Ka4 Ra7+ 70. Kb5 Rb7+ 71. Kc6 Rb3 72. Kd5 Ra3 73.
Kd4 Kf2 74. Rg8 1-0

[Event "21st European Teams"]
[Site "Hersonissos GRE"]
[Date "2017.11.04"]
[Round "7.8"]
[Board "1"]
[White "Edouard, Romain"]
[Black "Lenic, Luka"]
[Result "1/2-1/2"]
[WhiteTitle "GM"]
[BlackTitle "GM"]
[WhiteElo "2607"]
[BlackElo "2650"]
[WhiteTeam "France"]
[BlackTeam "Slovenia"]
[WhiteFideId "633429"]
[BlackFideId "14603853"]
[EventDate "2017.10.28"]

1. Nf3 Nf6 2. c4 c6 3. g3 d5 4. Bg2 e6 5. O-O Be7 6. b3 O-O 7. Bb2 b6 8. e3 b5
9. d3 a5 10. a3 Ba6 11. Nbd2 Nbd7 12. Qc2 Bd6 13. e4 Be7 14. Rfd1 Rc8 15. e5 Ne8
16. d4 c5 17. cxd5 exd5 18. Nf1 c4 19. bxc4 Rxc4 20. Qd2 b4 21. Ne3 Nb6 22. Nf5
Bc8 23. Nxe7+ Qxe7 24. axb4 axb4 25. Nh4 f5 26. Ra5 Nc7 27. f4 Bb7 28. Bf1 Ne6
29. Ra7 Rc7 30. Qd3 Nxf4 31. Qb5 Nc8 32. Raa1 Ne6 33. Rac1 Rxc1 34. Bxc1 f4 35.
Bd2 fxg3 36. hxg3 Nxd4 37. Qxb4 Qxe5 38. Bf4 Ne2+ 39. Bxe2 Qxe2 40. Re1 Qa6 41.
Nf3 d4 42. Nxd4 Bd5 43. Re5 Qa1+ 44. Re1 Qa2 45. Re2 Qa7 46. Re5 Nb6 47. Re7
Qa1+ 48. Re1 Qa2 49. Re2 Qa6 50. Re5 Nd7 51. Re7 Qa1+ 52. Re1 Qa2 53. Re2 Qa8
54. Re7 Nf6 55. Nf5 Qa1+ 56. Re1 Qa7+ 57. Be3 Qd7 58. Ne7+ Kf7 59. Nxd5 Qxd5 60.
Rb1 Re8 61. Qb7+ Kg6 62. Qxd5 Nxd5 63. Bf2 h5 64. Rb5 Nc3 65. Ra5 Re2 66. Bd4
Ne4 67. Bxg7 Nxg3 68. Be5 Ne4 69. Bg3 Re3 70. Bh4 Rh3 71. Be1 Rb3 72. Bh4 Rc3
73. Kg2 Nc5 74. Bf2 Ne6 75. Bg3 Nd4 76. Bf4 h4 77. Rg5+ Kf6 78. Rd5 Rc2+ 79. Kh3
Nf5 80. Ra5 Rf2 81. Ra6+ Kf7 82. Bg5 Ng7 1/2-1/2

[Event "21st European Teams"]
[Site "Hersonissos GRE"]
[Date "2017.11.04"]
[Round "7.8"]
[Board "2"]
[White "Pavasovic, Dusko"]
[Black "Bauer, Christian"]
[Result "1/2-1/2"]
[WhiteTitle "GM"]
[BlackTitle "GM"]
[WhiteElo "2548"]
[BlackElo "2647"]
[WhiteTeam "Slovenia"]
[BlackTeam "France"]
[WhiteFideId "14600986"]
[BlackFideId "603767"]
[EventDate "2017.10.28"]

1. e4 e6 2. d4 d5 3. Nd2 Be7 4. c3 c5 5. dxc5 Nf6 6. exd5 Nxd5 7. Ne4 O-O 8. Nf3
Qc7 9. Bc4 Rd8 10. Qe2 Nd7 11. O-O Nxc5 12. Nxc5 Qxc5 13. Rd1 b6 14. b4 Qc6 15.
Nd4 Qe8 16. Bb2 Bf6 17. a3 Bb7 18. Bb5 Qe7 19. Nc6 Bxc6 20. Bxc6 Nxc3 21. Bxc3
Bxc3 22. Rac1 Rxd1+ 23. Rxd1 Rd8 24. Rxd8+ Qxd8 25. g3 g6 26. Qa6 Bd4 27. Qxa7
Bxf2+ 28. Kg2 Kg7 29. Kxf2 Qd2+ 30. Kf1 Qc1+ 31. Kf2 Qxc6 32. Qb8 Qc2+ 33. Kf3
Qd3+ 34. Kf2 Qd4+ 35. Ke2 g5 36. Qc7 Kg6 37. Qc2+ f5 38. Qc8 Qb2+ 39. Kf1 Qb1+
40. Kf2 Qa2+ 41. Kg1 Qa1+ 42. Kg2 Qb2+ 43. Kf1 Qf6 44. a4 f4 45. g4 Qa1+ 46. Kg2
Qa2+ 47. Kg1 f3 48. Qg8+ Kf6 49. Qh8+ Kg6 50. Qg8+ Kf6 51. Qh8+ Kg6 1/2-1/2

[Event "21st European Teams"]
[Site "Hersonissos GRE"]
[Date "2017.11.04"]
[Round "7.8"]
[Board "3"]
[White "Gharamian, Tigran"]
[Black "Sebenik, Matej"]
[Result "1-0"]
[WhiteTitle "GM"]
[BlackTitle "GM"]
[WhiteElo "2626"]
[BlackElo "2534"]
[WhiteTeam "France"]
[BlackTeam "Slovenia"]
[WhiteFideId "13301527"]
[BlackFideId "14602296"]
[EventDate "2017.10.28"]

1. e4 c5 2. Nf3 Nc6 3. Bb5 e6 4. Bxc6 bxc6 5. b3 f6 6. O-O e5 7. Nh4 Nh6 8. d4
Nf7 9. d5 g6 10. Nf3 Bb7 11. Nc3 Bg7 12. Qd3 O-O 13. Nd2 f5 14. Nc4 fxe4 15.
Qxe4 Qf6 16. Be3 Rac8 17. Rad1 Nd6 18. Nxd6 Qxd6 19. dxc6 Qxc6 20. Qxc6 Bxc6 21.
Bxc5 Rf5 22. Bxa7 e4 23. Bd4 Bxd4 24. Rxd4 Rc5 25. Nxe4 Rxc2 26. a4 Rb8 27. Nd2
Re8 28. Nc4 Re4 29. Rxe4 Bxe4 30. Rd1 d5 31. Ne3 Rb2 32. f3 Bb1 33. Rxd5 Rxb3
34. Rb5 Rxe3 35. Rxb1 Ra3 36. Rb4 Ra2 37. h4 h5 38. g4 hxg4 39. fxg4 Kf7 40. Re4
Kf6 41. Kf1 Rh2 42. Ke1 1-0

[Event "21st European Teams"]
[Site "Hersonissos GRE"]
[Date "2017.11.04"]
[Round "7.8"]
[Board "4"]
[White "Skoberne, Jure"]
[Black "Fressinet, Laurent"]
[Result "1/2-1/2"]
[WhiteTitle "GM"]
[BlackTitle "GM"]
[WhiteElo "2544"]
[BlackElo "2657"]
[WhiteTeam "Slovenia"]
[BlackTeam "France"]
[WhiteFideId "14604299"]
[BlackFideId "608742"]
[EventDate "2017.10.28"]

1. d4 Nf6 2. Nf3 d5 3. Bf4 c5 4. e3 Nc6 5. Nbd2 cxd4 6. exd4 Bf5 7. c3 e6 8. Qb3
Bd6 9. Bxd6 Qxd6 10. Be2 O-O 11. O-O Ne4 12. Qd1 h6 13. Nxe4 Bxe4 14. Bd3 Qf4
15. Bxe4 dxe4 16. Nd2 f5 17. Qe2 e5 18. g3 Qg5 19. dxe5 Nxe5 20. f3 Rad8 21.
Rad1 Qh5 22. Rde1 Rxd2 23. Qxd2 Nxf3+ 24. Rxf3 Qxf3 25. Rf1 Qh5 26. Qd5+ Rf7 27.
Rf4 Qg6 28. Kh1 h5 29. Rh4 Qh6 30. Qd8+ Rf8 31. Qd5+ Rf7 32. Qd8+ Kh7 33. Qe8
Qg6 34. c4 a5 35. b3 e3 1/2-1/2

[Event "21st European Teams"]
[Site "Hersonissos GRE"]
[Date "2017.11.04"]
[Round "7.9"]
[Board "1"]
[White "Adams, Michael"]
[Black "Anton Guijarro, David"]
[Result "1/2-1/2"]
[WhiteTitle "GM"]
[BlackTitle "GM"]
[WhiteElo "2727"]
[BlackElo "2651"]
[WhiteTeam "England"]
[BlackTeam "Spain"]
[WhiteFideId "400041"]
[BlackFideId "2285525"]
[EventDate "2017.10.28"]

1. e4 e5 2. Nf3 Nc6 3. Bb5 a6 4. Ba4 Nf6 5. d3 Bc5 6. c3 b5 7. Bb3 d6 8. Bg5 h6
9. Bh4 Qe7 10. Nbd2 Bd7 11. Nf1 g5 12. Bg3 Nh5 13. Ne3 Bxe3 14. fxe3 Nxg3 15.
hxg3 Na5 16. Bc2 c5 17. Qd2 Kf8 18. b4 cxb4 19. cxb4 Nc6 20. Bb3 Kg7 21. O-O Be6
22. Bd5 Rac8 23. a4 bxa4 24. d4 Nd8 25. dxe5 dxe5 26. Rxa4 Bd7 27. Rxa6 Bb5 28.
Nd4 exd4 29. Qxd4+ Kh7 30. Rxh6+ Kxh6 31. Qxh8+ Kg6 32. Qg8+ Kh6 33. Qh8+ Kg6
34. Rf3 Rc1+ 35. Kh2 Rf1 36. Qg8+ Kh6 37. Qh8+ Kg6 38. e5 Rxf3 39. gxf3 f5 40.
exf6 Qxf6 41. Qg8+ Kh6 42. Be4 Qb2+ 43. Kh3 g4+ 44. Kxg4 Bd7+ 45. Bf5 Qxb4+ 46.
e4 Bxf5+ 47. Kxf5 Qc5+ 48. e5 Qc8+ 49. Ke4 Qc2+ 50. Kf4 Qa4+ 51. Kf5 1/2-1/2

[Event "21st European Teams"]
[Site "Hersonissos GRE"]
[Date "2017.11.04"]
[Round "7.9"]
[Board "2"]
[White "Salgado Lopez, Ivan"]
[Black "Short, Nigel D"]
[Result "1/2-1/2"]
[WhiteTitle "GM"]
[BlackTitle "GM"]
[WhiteElo "2629"]
[BlackElo "2698"]
[WhiteTeam "Spain"]
[BlackTeam "England"]
[WhiteFideId "2257327"]
[BlackFideId "400025"]
[EventDate "2017.10.28"]

1. e4 e5 2. Nf3 Nc6 3. Bb5 a6 4. Ba4 Nf6 5. O-O Nxe4 6. d4 b5 7. Bb3 d5 8. dxe5
Be6 9. Nbd2 Nc5 10. c3 Be7 11. Bc2 Qd7 12. Nb3 Nxb3 13. axb3 Bg4 14. Re1 Bh5 15.
h3 O-O 16. Bf4 Nd8 17. b4 Ne6 18. Be3 c6 19. Bf5 Bd8 20. g4 Bg6 21. Qd3 Bc7 22.
Nd4 Bxe5 23. Nxe6 fxe6 24. Bxg6 hxg6 25. Qxg6 Rf6 26. Qd3 Rf7 27. Bd4 Bd6 28.
Qe3 Re8 29. Rxa6 Bf4 30. Qe2 e5 31. Ra7 1/2-1/2

[Event "21st European Teams"]
[Site "Hersonissos GRE"]
[Date "2017.11.04"]
[Round "7.9"]
[Board "3"]
[White "Howell, David W L"]
[Black "Lopez Martinez, Josep Manuel"]
[Result "1-0"]
[WhiteTitle "GM"]
[BlackTitle "GM"]
[WhiteElo "2698"]
[BlackElo "2607"]
[WhiteTeam "England"]
[BlackTeam "Spain"]
[WhiteFideId "410608"]
[BlackFideId "2212943"]
[EventDate "2017.10.28"]

1. c4 e6 2. g3 d5 3. Bg2 Nf6 4. Nf3 Be7 5. O-O O-O 6. d4 c6 7. Qc2 b6 8. Nbd2
Bb7 9. e4 dxc4 10. Nxc4 Nbd7 11. Rd1 c5 12. Ng5 h6 13. e5 Bxg2 14. exf6 Nxf6 15.
Kxg2 hxg5 16. dxc5 Qc7 17. cxb6 axb6 18. Qe2 Rfc8 19. b3 b5 20. Ne3 Qb7+ 21. Qf3
Ne4 22. Bb2 f5 23. h3 Bc5 24. Bd4 g4 25. hxg4 fxg4 26. Qxg4 Nc3+ 27. Kg1 Nxd1
28. Qxe6+ Qf7 29. Qxf7+ Kxf7 30. Rxd1 Bxd4 31. Rxd4 Rxa2 32. Rb4 Rc5 33. Kg2 Rb2
34. Kf3 Ke6 35. g4 g6 36. Kg3 Kd6 37. Rd4+ Ke6 38. Rb4 Re5 39. Kf3 Kd6 40. Rd4+
Kc5 41. Rd3 Re6 42. Nd1 Rc2 43. Nc3 Kb4 44. Nd5+ Ka3 45. b4+ Kb2 46. Ne3 Rc8 47.
Kf4 Rf8+ 48. Kg5 Re4 49. Kxg6 Rxb4 50. g5 Rbf4 51. Kh7 R4f7+ 52. Kh6 b4 53. g6
Rh8+ 54. Kg5 Rb7 55. f4 b3 56. f5 Rh1 57. f6 Rg1+ 58. Kh6 Rh1+ 59. Kg5 Rg1+ 60.
Kh6 Rh1+ 61. Kg5 Rg1+ 62. Kf5 Rb5+ 63. Rd5 Rxd5+ 64. Nxd5 Kc2 65. Nb6 Rf1+ 66.
Ke5 Re1+ 67. Kf5 Rf1+ 68. Kg5 Rg1+ 69. Kh5 Rh1+ 70. Kg4 Rg1+ 71. Kf5 Rf1+ 72.
Ke5 Re1+ 73. Kd5 Rd1+ 74. Kc5 Rf1 75. g7 Rf5+ 76. Kd4 b2 77. Nc4 Rf4+ 78. Ke5
Rxc4 79. g8=Q Rc3 80. Qg2+ Kb3 81. Qb7+ Kc2 82. f7 b1=Q 83. Qxb1+ Kxb1 84. f8=Q
Kc2 85. Kd4 Rd3+ 86. Ke4 Rc3 87. Qf7 Rb3 88. Qc4+ Kb2 89. Kd4 Ka3 90. Qa6+ Kb2
91. Qa5 Rh3 92. Qb4+ Kc2 93. Qe1 Kb3 94. Qe6+ 1-0